5HLuxD.jpg

KING HENRY VIII SENIOR AND PRIMARY SCHOOL LIBRARY OPAC

The house of Hades / (Record no. 3539)

000 -LEADER
fixed length control field 01406cam a2200385 i 4500
001 - CONTROL NUMBER
control field 17729044
003 - CONTROL NUMBER IDENTIFIER
control field OSt
005 - DATE AND TIME OF LATEST TRANSACTION
control field 20240220100241.0
008 - FIXED-LENGTH DATA ELEMENTS--GENERAL INFORMATION
fixed length control field 130508s2013 nyu c 000 1 eng
010 ## - LIBRARY OF CONGRESS CONTROL NUMBER
LC control number 2013015946
020 ## - INTERNATIONAL STANDARD BOOK NUMBER
International Standard Book Number 9781423146728 (hardback)
040 ## - CATALOGING SOURCE
Original cataloging agency DLC
Language of cataloging eng
Transcribing agency DLC
Description conventions rda
Modifying agency DLC
-- KH8
042 ## - AUTHENTICATION CODE
Authentication code pcc
-- lcac
082 00 - DEWEY DECIMAL CLASSIFICATION NUMBER
Classification number FIC RIO
Edition number 23
100 1# - MAIN ENTRY--PERSONAL NAME
Personal name Riordan, Rick,
Relator term author.
245 14 - TITLE STATEMENT
Title The house of Hades /
Statement of responsibility, etc. Rick Riordan.
250 ## - EDITION STATEMENT
Edition statement First edition.
264 #1 - PRODUCTION, PUBLICATION, DISTRIBUTION, MANUFACTURE, AND COPYRIGHT NOTICE
Place of production, publication, distribution, manufacture New York :
Name of producer, publisher, distributor, manufacturer Disney-Hyperion Books,
Date of production, publication, distribution, manufacture, or copyright notice [2013]
300 ## - PHYSICAL DESCRIPTION
Extent 597 pages ;
Dimensions 22 cm.
336 ## - CONTENT TYPE
Content type term text
Source rdacontent
337 ## - MEDIA TYPE
Media type term unmediated
Source rdamedia
338 ## - CARRIER TYPE
Carrier type term volume
Source rdacarrier
490 0# - SERIES STATEMENT
Series statement Heroes of Olympus ;
Volume/sequential designation book four
520 ## - SUMMARY, ETC.
Summary, etc. "Greek and Roman demigods from the Prophecy of Seven must work together to seal the Doors of Death--and help Percy and Annabeth escape the Underworld in the process"--
Assigning source Provided by publisher.
600 01 - SUBJECT ADDED ENTRY--PERSONAL NAME
Personal name Hera
Titles and other words associated with a name (Greek deity)
Form subdivision Fiction.
600 01 - SUBJECT ADDED ENTRY--PERSONAL NAME
Personal name Gaia
Titles and other words associated with a name (Greek deity)
Form subdivision Fiction.
650 #1 - SUBJECT ADDED ENTRY--TOPICAL TERM
Topical term or geographic name entry element Mythology, Roman
Form subdivision Fiction.
650 #1 - SUBJECT ADDED ENTRY--TOPICAL TERM
Topical term or geographic name entry element Mythology, Greek
Form subdivision Fiction.
650 #1 - SUBJECT ADDED ENTRY--TOPICAL TERM
Topical term or geographic name entry element Giants
Form subdivision Fiction.
650 #1 - SUBJECT ADDED ENTRY--TOPICAL TERM
Topical term or geographic name entry element Camps
Form subdivision Fiction.
650 #7 - SUBJECT ADDED ENTRY--TOPICAL TERM
Topical term or geographic name entry element JUVENILE FICTION / Fantasy & Magic.
Source of heading or term bisacsh
650 #7 - SUBJECT ADDED ENTRY--TOPICAL TERM
Topical term or geographic name entry element JUVENILE FICTION / Action & Adventure / General.
Source of heading or term bisacsh
650 #7 - SUBJECT ADDED ENTRY--TOPICAL TERM
Topical term or geographic name entry element JUVENILE FICTION / Legends, Myths, Fables / Greek & Roman.
Source of heading or term bisacsh
942 ## - ADDED ENTRY ELEMENTS (KOHA)
Source of classification or shelving scheme
Koha item type Books - Fiction
Holdings
Withdrawn status Lost status Source of classification or shelving scheme Damaged status Not for loan Collection code Permanent Location Current Location Shelving location Date acquired Total Checkouts Full call number Barcode Date last seen Date last checked out Price effective from Koha item type
          Fiction KH8 Senior School Library KH8 Senior School Library Fiction 2024-02-20 3 FIC RIO 3KHSL000102029 2024-10-02 2024-08-28 2024-02-20 Books - Fiction

Powered By KH8 IT Dept